| 000 | 00634nam a2200217Ia 4500 | ||
|---|---|---|---|
| 003 | OSt | ||
| 005 | 20250205144917.0 | ||
| 008 | 210210b1999 xxu||||| |||| 00| 0 eng d | ||
| 040 | _cAL | ||
| 041 | _ahin | ||
| 082 | _aH491.5 VIRR | ||
| 100 |
_aVISHNU CHATURVEDI: _9197877 |
||
| 110 |
_bविष्णु (चतुर्वेदी) _9197878 |
||
| 245 |
_aRaj bhasha hindi vyakaran: _bराज भाषा हिंदी व्याकरण |
||
| 260 |
_aMathura _bAmar Prakashan _c1999 |
||
| 300 | _a160 | ||
| 650 |
_aHindi Grammar _9197879 |
||
| 690 |
_aHindi Grammar _9197879 |
||
| 906 | _aSG03582 | ||
| 942 |
_2ddc _cSG |
||
| 999 |
_c114571 _d114571 |
||